000 00602nam a2200181Ia 4500
005 20260429112237.0
008 260429s9999||||xx |||||||||||||| ||und||
020 _a9788196956332
041 _aHindi
082 _a891.1
_bSAN
100 _aसांकृत्यायन, राहुल
245 0 _aघुमक्कड़ शास्त्र /
_cराहुल सांकृत्यायन
250 _a1st ed.
260 _aनई दिल्ली :
_bप्रकाशन संस्थान,
_c2024.
300 _a136 p.; Hb
650 _aHindi Literature
942 _cTB
999 _c53083
_d53083